000 00701nam a2200229 a 4500
001 BRCA_4005
005 20190320204517.0
008 160110s1956----nyua######---#000-0#eng-#
041 _aeng
044 _anyu
050 4 _aPN6231
_b.D37 1956
100 1 _aDavis, Eddie.
_910410
245 1 0 _aLaughter in Bed
_bthe complete pepper-upper for patients, prescribed
_cby Eddie Davis ; illustrated by Den Choda.
260 _aNueva York
_bE. Fell
_c1956
300 _a170 p.
_bil.
_c24 cm.
500 _aCEF15
650 1 4 _aHumorismo estadounidense
_910411
650 1 4 _aMedicina
_xAnedoctas, chistes, sátiras, etc.
_910412
700 1 _aChoda, Den
_eIlustrador
_910413
902 _aGFM
942 _2lcc
_cB
999 _c3731
_d3731